[Event "Perth Congress"]
[Site "Perth"]
[Date "2017.02.18"]
[Round "3"]
[White "Pasha, Tariq"]
[Black "Marks, Ian Alexander"]
[Result "1/2-1/2"]
[WhiteElo "1755"]
[BlackElo "1921"]
[PlyCount "58"]
[EventDate "2017.02.17"]
[EventType "swiss"]
[EventRounds "5"]
[EventCountry "SCO"]
[SourceTitle "CBM 176 Extra"]
[Source "ChessBase"]
[SourceDate "2017.03.02"]
[SourceVersion "1"]
[SourceVersionDate "2017.03.02"]
[SourceQuality "1"]

1. d4 Nf6 2. c4 e6 3. Nf3 d5 4. Nc3 c6 5. Bg5 Nbd7 6. e3 Qa5 7. Bxf6 Nxf6 8. cxd5 Nxd5 9. Qb3 Bb4 10. Rc1 0-0 11. Bd3 c5 12. 0-0 Bxc3 13. bxc3 a6 14. Bb1 b5 15. dxc5 Qc7 16. c4 bxc4 17. Qxc4 a5 18. Rfd1 Ba6 19. Qh4 h6 20. Rd4 Nf6 21. Rf4 Rfd8 22. Rd4 Rd5 23. Rxd5 exd5 24. Nd4 Qe5 25. c6 Bc4 26. Bf5 Ne8 27. Bb1 Nf6 28. Bf5 Ne8 29. Bb1 Nf6 1/2-1/2

[Event "Perth Congress"]
[Site "Perth"]
[Date "2017.02.17"]
[Round "1"]
[White "Pasha, Tariq"]
[Black "Will, Douglas"]
[Result "1-0"]
[WhiteElo "1755"]
[BlackElo "1927"]
[PlyCount "51"]
[EventDate "2017.02.17"]
[EventType "swiss"]
[EventRounds "5"]
[EventCountry "SCO"]
[SourceTitle "CBM 176 Extra"]
[Source "ChessBase"]
[SourceDate "2017.03.02"]
[SourceVersion "1"]
[SourceVersionDate "2017.03.02"]
[SourceQuality "1"]

1. d4 Nf6 2. c4 g6 3. f3 Bg7 4. e4 d6 5. Nc3 0-0 6. Be3 Nc6 7. Qd2 e5 8. Nge2 a6 9. d5 Ne7 10. Bh6 Rb8 11. Nc1 c6 12. g4 cxd5 13. cxd5 Bxg4 14. fxg4 Nxg4 15. Bxg7 Kxg7 16. h3 Nh6 17. h4 f5 18. h5 f4 19. hxg6 Nxg6 20. Qh2 Qg5 21. Nd3 f3 22. Qd2 f2+ 23. Kd1 Qg4+ 24. Kc2 Nf4 25. Nxf2 Qf3 26. Bg2 1-0

[Event "EU-ch U16 26th"]
[Site "Prague"]
[Date "2016.08.25"]
[Round "7"]
[White "Pobor, Danilo"]
[Black "Pasha, Tariq"]
[Result "1-0"]
[WhiteElo "1783"]
[BlackElo "1756"]
[PlyCount "181"]
[EventDate "2016.08.18"]
[EventType "swiss"]
[EventRounds "9"]
[EventCountry "CZE"]
[SourceTitle "CBM 174 Extra"]
[Source "ChessBase"]
[SourceDate "2016.10.10"]
[SourceVersion "1"]
[SourceVersionDate "2016.10.10"]
[SourceQuality "1"]

1. d4 d5 2. Nf3 Nf6 3. c4 c6 4. e3 e6 5. Nc3 Nbd7 6. Qc2 Bd6 7. Bd3 0-0 8. 0-0 dxc4 9. Bxc4 b5 10. Bd3 Bb7 11. e4 e5 12. dxe5 Nxe5 13. Nxe5 Bxe5 14. h3 Rc8 15. Be3 a6 16. Rad1 Qa5 17. Bd2 Qb6 18. Ne2 c5 19. Be3 Bd4 20. Bxd4 cxd4 21. Qb1 Rfe8 22. f3 Nd7 23. Kh1 Ne5 24. Bc2 Red8 25. Bd3 Nc4 26. Rc1 Nd2 27. Qa1 Nxf1 28. Rxf1 a5 29. Rd1 Bc6 30. b3 Rd6 31. Qb1 Rh6 32. Qb2 Rd8 33. Bb1 Rhd6 34. Nf4 Qb7 35. e5 Rh6 36. Rxd4 Re8 37. Rd3 Rh4 38. Ne2 Rh5 39. Re3 f6 40. e6 Qb6 41. Qd2 Rd5 42. Rd3 Re5 43. Nd4 Bd5 44. f4 Rh5 45. Qe2 g6 46. Rg3 Rh6 47. Nf5 Rxe6 48. Nxh6+ Kg7 49. Nf5+ Kf7 50. Ne3 Qd4 51. f5 Re5 52. fxg6+ hxg6 53. Bxg6+ Kf8 54. Qf2 Re6 55. Ng4 Qxf2 56. Nxf2 Re2 57. Ng4 Ke7 58. Re3+ Rxe3 59. Nxe3 Be6 60. h4 b4 61. h5 Kf8 62. h6 Bd7 63. h7 Kg7 64. Nf5+ Kh8 65. Nd6 Be6 66. Nf7+ Bxf7 67. Bxf7 Kxh7 68. g4 Kh6 69. Kg2 Kg5 70. Kg3 f5 71. gxf5 Kxf5 72. Kf3 Ke5 73. Ke3 Kd6 74. Kd4 Kc6 75. Kc4 Kb6 76. Be8 Ka6 77. Kc5 a4 78. Kxb4 axb3 79. axb3 Kb6 80. Kc4 Kb7 81. Kb5 Ka8 82. Kc6 Ka7 83. b4 Ka6 84. b5+ Ka7 85. b6+ Ka8 86. b7+ Kb8 87. Bh5 Ka7 88. Kc7 Ka6 89. b8Q Ka5 90. Qb3 Ka6 91. Qb6# 1-0

[Event "EU-ch U16 26th"]
[Site "Prague"]
[Date "2016.08.20"]
[Round "3"]
[White "Pasha, Tariq"]
[Black "Vystrcil, Martin"]
[Result "1/2-1/2"]
[WhiteElo "1756"]
[BlackElo "2029"]
[PlyCount "120"]
[EventDate "2016.08.18"]
[EventType "swiss"]
[EventRounds "9"]
[EventCountry "CZE"]
[SourceTitle "CBM 174 Extra"]
[Source "ChessBase"]
[SourceDate "2016.10.10"]
[SourceVersion "1"]
[SourceVersionDate "2016.10.10"]
[SourceQuality "1"]

1. d4 Nf6 2. c4 g6 3. f3 Bg7 4. Nc3 0-0 5. e4 d6 6. Be3 Nbd7 7. Qd2 c5 8. Nge2 cxd4 9. Nxd4 Nc5 10. Be2 Ne6 11. Nc2 Bd7 12. 0-0 Re8 13. Rad1 Bc6 14. a3 Qc7 15. Nb4 Rec8 16. Nbd5 Bxd5 17. Nxd5 Qd8 18. b4 b6 19. Kh1 Rab8 20. Qe1 Qe8 21. Qf2 Nc7 22. Rd3 Ncxd5 23. cxd5 Rc2 24. Qe1 Rbc8 25. Bd1 R2c7 26. Bd2 Nd7 27. f4 b5 28. Bg4 h5 29. Bh3 Rc4 30. e5 dxe5 31. fxe5 Nxe5 32. Re3 f6 33. Be6+ Kh7 34. Bxc8 Qxc8 35. Rc3 Bh6 36. Rxc4 Qxc4 37. Bxh6 Kxh6 38. Qc1+ g5 39. Qxc4 Nxc4 40. Rf3 g4 41. Rc3 Kg5 42. a4 a6 43. axb5 axb5 44. Kg1 Kf4 45. Kf2 Ke4 46. Kg3 Kxd5 47. Kh4 Kd4 48. Rc1 e5 49. Kxh5 e4 50. Kxg4 Ne5+ 51. Kf5 e3 52. h4 e2 53. h5 Nc4 54. h6 Ne3+ 55. Kg6 Nd1 56. h7 e1Q 57. h8Q Qe4+ 58. Kf7 Qd5+ 59. Kg6 Qe4+ 60. Kf7 Qd5+ 1/2-1/2

[Event "Edinburgh Premier"]
[Site "Edinburgh"]
[Date "2016.04.09"]
[Round "2.24"]
[White "Sykes, Chris"]
[Black "Pasha, Tariq"]
[Result "1-0"]
[WhiteElo "1897"]
[BlackElo "1654"]
[PlyCount "41"]
[EventDate "2016.04.08"]
[EventType "swiss"]
[EventRounds "5"]
[EventCountry "SCO"]
[SourceTitle "EXT 2023"]
[Source "ChessBase"]
[SourceDate "2022.10.05"]
[SourceVersion "1"]
[SourceVersionDate "2022.10.05"]
[SourceQuality "1"]

1. d4 Nf6 2. Nc3 d5 3. Bg5 e6 4. e4 dxe4 5. Nxe4 Be7 6. Bxf6 Bxf6 7. Nf3 b6 8. c3 Bb7 9. Bd3 h6 10. Qe2 Nc6 11. 0-0-0 0-0 12. h4 Re8 13. g4 Be7 14. g5 h5 15. g6 fxg6 16. Rhg1 Bxh4 17. Rxg6 Ne7 18. Nf6+ Bxf6 19. Qxe6+ Kh8 20. Rh6+ gxh6 21. Qxf6+ 1-0

[Event "Edinburgh Premier"]
[Site "Edinburgh"]
[Date "2016.04.08"]
[Round "1.15"]
[White "Delaere, Koen"]
[Black "Pasha, Tariq"]
[Result "1-0"]
[WhiteElo "1986"]
[BlackElo "1654"]
[PlyCount "161"]
[EventDate "2016.04.08"]
[EventType "swiss"]
[EventRounds "5"]
[EventCountry "SCO"]
[SourceTitle "EXT 2023"]
[Source "ChessBase"]
[SourceDate "2022.10.05"]
[SourceVersion "1"]
[SourceVersionDate "2022.10.05"]
[SourceQuality "1"]

1. d4 d5 2. c4 c6 3. Nf3 Nf6 4. Nc3 e6 5. e3 Bd6 6. Bd3 Nbd7 7. 0-0 a6 8. e4 dxe4 9. Nxe4 Nxe4 10. Bxe4 Nf6 11. Bc2 h6 12. Bd2 0-0 13. Bc3 Re8 14. Qd3 b5 15. b3 Bb7 16. Rad1 Bc7 17. Qe2 Qd6 18. Ne5 Rad8 19. f4 c5 20. Ng4 Nxg4 21. Qxg4 Qf8 22. Kh1 cxd4 23. Bxd4 e5 24. fxe5 Bxe5 25. Be3 Re6 26. cxb5 axb5 27. Bc1 Qe7 28. Rxd8+ Qxd8 29. Qf5 Qc7 30. Qh7+ Kf8 31. Ba3+ Bd6 32. Bxd6+ Qxd6 33. Qh8+ Ke7 34. Qxg7 Qf4 35. Bd3 Rg6 36. Qxg6 Qxf1+ 37. Bxf1 fxg6 38. Bxb5 Kd6 39. Bc4 Kc5 40. Kg1 Kb4 41. a4 Bc6 42. Bf7 g5 43. g4 Bf3 44. h3 Be4 45. Kf2 Bc6 46. Kg3 Be4 47. h4 Bh1 48. hxg5 hxg5 49. Be6 Bc6 50. Kf2 Kc5 51. Ke3 Kd6 52. Bc8 Kc5 53. Kd2 Kb4 54. Be6 Bf3 55. Ke3 Bc6 56. Kd4 Bf3 57. Ke5 Bd1 58. Kf6 Bc2 59. Kxg5 Bh7 60. Kf6 Bc2 61. g5 Bh7 62. g6 Bxg6 63. Kxg6 Ka5 64. Kf6 Kb4 65. Ke5 Ka5 66. Kd6 Kb4 67. Kc6 Ka5 68. Kc5 Ka6 69. b4 Ka7 70. Kb5 Kb7 71. a5 Ka7 72. a6 Kb8 73. Kb6 Ka8 74. Bd5+ Kb8 75. b5 Kc8 76. a7 Kd7 77. a8Q Ke7 78. Qc6 Kd8 79. Qb7 Ke8 80. Kc6 Kd8 81. Qd7# 1-0

[Event "Dundee & Angus Challengers"]
[Site "Dundee"]
[Date "2015.10.11"]
[Round "?"]
[White "Dempsey, John"]
[Black "Pasha, Tariq"]
[Result "0-1"]
[WhiteElo "1612"]
[BlackElo "1654"]
[PlyCount "33"]
[EventDate "2015.10.09"]
[EventType "swiss"]
[EventRounds "5"]
[EventCountry "SCO"]
[SourceTitle "EXT 2023"]
[Source "ChessBase"]
[SourceDate "2022.10.05"]
[SourceVersion "1"]
[SourceVersionDate "2022.10.05"]
[SourceQuality "1"]

1. e4 c5 2. Nf3 d6 3. Bb5+ Bd7 4. Bxd7+ Qxd7 5. c3 Nf6 6. Qe2 Nc6 7. d4 e6 8. 0-0 Be7 9. Rd1 cxd4 10. cxd4 d5 11. e5 Ne4 12. Nc3 Nxc3 13. bxc3 0-0 14. Bf4 Na5 15. Nd2 Rfc8 16. Qd3 Nc4 17. a4 0-1

[Event "Dundee & Angus Challengers"]
[Site "Dundee"]
[Date "2015.10.10"]
[Round "3"]
[White "Pasha, Tariq"]
[Black "Barker, Luke"]
[Result "1/2-1/2"]
[WhiteElo "1654"]
[BlackElo "1714"]
[PlyCount "45"]
[EventDate "2015.10.09"]
[EventType "swiss"]
[EventRounds "5"]
[EventCountry "SCO"]
[SourceTitle "EXT 2023"]
[Source "ChessBase"]
[SourceDate "2022.10.05"]
[SourceVersion "1"]
[SourceVersionDate "2022.10.05"]
[SourceQuality "1"]

1. d4 Nf6 2. c4 e5 3. dxe5 Ng4 4. Nf3 Bb4+ 5. Nc3 Nc6 6. Bf4 Qe7 7. Qd5 Bxc3+ 8. bxc3 f6 9. exf6 Nxf6 10. Qd2 d6 11. e3 0-0 12. Bg3 Ne4 13. Qc2 Qf6 14. Rc1 Bf5 15. Bd3 Nc5 16. Bxf5 Qxf5 17. Qxf5 Rxf5 18. 0-0 Na5 19. Nd2 Re8 20. Rfd1 b6 21. Nf3 Rf7 22. Nd4 h6 23. Kf1 1/2-1/2